[Event "SCT Ladies Open"]
[Site "Stockholm SWE"]
[Date "2008.03.21"]
[Round "2"]
[White "Maisuradze,N"]
[Black "Vasilevich,T"]
[Result "1/2-1/2"]
[WhiteElo "2270"]
[BlackElo "2370"]

1.d4 Nf6 2.Nf3 e6 3.c4 Bb4+ 4.Nc3 c5 5.e3 Nc6 6.Bd3 Bxc3+ 7.bxc3 d6 8.O-O e5
9.Nd2 O-O 10.Nb3 b6 11.Bd2 Ba6 12.Be1 Rc8 13.Be2 cxd4 14.cxd4 exd4 15.exd4 d5
16.c5 Bc4 17.f3 Re8 18.Bd3 Re3 19.Nc1 Bxd3 20.Nxd3 Nxd4 21.cxb6 axb6 22.Bf2 Ne2+
23.Kh1 Re6 24.Re1 Nc3 25.Qb3 Rxe1+  1/2-1/2

[Event "SCT Ladies Open"]
[Site "Stockholm SWE"]
[Date "2008.03.22"]
[Round "5"]
[White "Batsiashvili,N"]
[Black "Blazkova,P"]
[Result "1/2-1/2"]
[WhiteElo "2317"]
[BlackElo "2233"]

1.Nf3 e6 2.c4 Nf6 3.d4 Bb4+ 4.Nc3 O-O 5.Bg5 h6 6.Bh4 d5 7.e3 b6 8.cxd5 exd5
9.Bd3 Be7 10.O-O Bb7 11.Qc2 Nbd7 12.Bf5 Re8 13.Rac1 Nf8 14.Ne5 N6d7 15.Bxe7 Rxe7
16.Nxd7 Nxd7 17.Nb5 c6 18.Nd6 Ba6 19.Qxc6 Bxf1 20.Nc8 Re8 21.Bxd7 Ba6 22.Qxa8 Qxd7
23.Nxb6 Qb5 24.Qxa7 Qxb2 25.Qc7 Bc4 26.Re1 Qd2 27.Ra1 Qb2 28.Rd1 Qe2 29.Ra1 Qb2  1/2-1/2

[Event "ch-WLS"]
[Site "Cardiff WLS"]
[Date "2008.03.23"]
[Round "4"]
[White "Blackburn,J"]
[Black "Rayner,F"]
[Result "1/2-1/2"]
[WhiteElo "2220"]
[BlackElo "2201"]

1.d4 Nf6 2.c4 e6 3.Nc3 Bb4 4.Nf3 c5 5.e3 Nc6 6.Bd3 Bxc3+ 7.bxc3 d6 8.h3 e5
9.Qc2 O-O 10.d5 Ne7 11.g4 Ng6 12.Ng5 Qe7 13.f3 h6 14.h4 hxg5 15.hxg5 Nh7
16.Qh2 Nxg5 17.Qh5 Nxf3+ 18.Ke2 Ng5 19.e4 f6 20.Bxg5 Bxg4+ 21.Qxg4 fxg5 22.Rag1 Qf6
23.Qxg5 Qxg5 24.Rxg5 Nf4+ 25.Ke3 g6 26.Bc2 Kg7 27.Ba4 Rh8 28.Rhg1 Raf8 29.Bd7 Rf6
30.a4 Rh2 31.Bf5 Kf7 32.Be6+ Nxe6 33.dxe6+ Rxe6 34.Rb1 Rh3+ 35.Kd2 Re7 36.Rbg1 Rh6
37.R5g2 Re6 38.a5 Rh4 39.Rf1+ Rf4 40.Rh1 Kg7 41.Rgh2 Re7 42.Ke3 Ref7 43.Rh7+ Kf8
44.Rxf7+ Rxf7 45.Rh8+ Ke7 46.Rb8 Ke6 47.Rg8 Kd7 48.Rxg6 Rf1 49.a6 bxa6 50.Rg7+ Kc6
51.Rxa7 Ra1 52.Kd3 Ra2 53.Ra8 a5 54.Ra6+ Kd7 55.Rb6 a4 56.Rb8 a3 57.Ra8 Ra1
58.Kc2 Ke6 59.Re8+ Kd7 60.Ra8 a2 61.Kb3 Re1 62.Rxa2 Rxe4 63.Rh2 Re1 64.Kc2 Rf1
65.Rh6 Ke7 66.Kd3 Rf6 67.Rh8 Ke6 68.Re8+  1/2-1/2

[Event "12th Neckar Open A"]
[Site "Deizisau GER"]
[Date "2008.03.23"]
[Round "6"]
[White "Chatalbashev,B"]
[Black "Lauber,A"]
[Result "0-1"]
[WhiteElo "2585"]
[BlackElo "2417"]

1.d4 Nf6 2.c4 e6 3.Nc3 Bb4 4.Nf3 c5 5.g3 O-O 6.Bg2 cxd4 7.Nxd4 d5 8.cxd5 Nxd5
9.Qb3 Nc6 10.Nxc6 bxc6 11.O-O Rb8 12.Qc2 Ba6 13.Ne4 Be7 14.a3 Qa5 15.Ng5 Bxg5
16.Bxg5 h6 17.Bc1 c5 18.Rd1 c4 19.e4 Nb6 20.a4 Rfd8 21.Bd2 Qh5 22.Bf4 Rbc8
23.Rxd8+ Rxd8 24.a5 Nc8 25.Bf1 Ne7 26.Bxc4 Bxc4 27.Qxc4 Ng6 28.Bc7 Rc8 29.Qd4 Qe2
30.a6 h5 31.h4 Qg4 32.Kh2 Nxh4 33.gxh4 Qxh4+ 34.Kg2 Rxc7 35.Rd1 Qg4+ 36.Kh2 Rc2
37.Rg1 Qf4+ 38.Kg2 h4 39.b4 e5 40.Qxa7 Qg4+ 41.Kh2 Qf4+ 42.Kg2 h3+ 43.Kxh3 Rxf2
44.Qxf2 Qxf2 45.Ra1 Qb2 46.Ra5 Qxb4 47.Rxe5 Qc3+  0-1

[Event "SCT Ladies Open"]
[Site "Stockholm SWE"]
[Date "2008.03.23"]
[Round "7"]
[White "Purtseladze,M"]
[Black "Dzagnidze,N"]
[Result "1/2-1/2"]
[WhiteElo "2267"]
[BlackElo "2429"]

1.d4 Nf6 2.c4 e6 3.Nc3 Bb4 4.Nf3 c5 5.g3 cxd4 6.Nxd4 Ne4 7.Qd3 Bxc3+ 8.bxc3 Nc5
9.Qf3 O-O 10.Bg2 d6 11.O-O Bd7 12.Rd1 Ba4 13.Nb3 Nxb3 14.axb3 Bxb3 15.Qxb7 Bxd1
16.Qxa8 Bxe2 17.Qe4 Bh5 18.Rxa7 Nd7 19.Ba3 Nc5 20.Bxc5 dxc5 21.h3 h6 22.Qe5 Qd1+
23.Kh2 Be2 24.Qxc5 Qd3 25.Rc7 Qxc3 26.Qe3 Qxe3 27.fxe3 Rb8 28.c5 Rb3 29.c6 g5
30.Rd7 Rc3 31.c7 Ba6 32.Rd6 Rxc7 33.Rxa6 Rc3 34.e4 Kg7 35.g4 Kf6 36.Ra2 Re3
37.Rf2+ Kg6 38.Bf3 f5 39.exf5+ exf5 40.gxf5+ Kxf5 41.Bh5+ Ke5 42.Rf8 Rb3
43.Rh8 Kf4 44.Rf8+ Ke5 45.Kg2 Rb6 46.Kg3 Rf6 47.Rg8 Rb6 48.Rf8 Rf6 49.Re8+ Re6
50.Rh8 Ra6 51.Bg4 Ra3+ 52.Bf3 Ra6 53.h4 gxh4+ 54.Kxh4 Rf6 55.Bg4 Rb6 56.Kh5 Rf6
57.Ra8 Rd6 58.Re8+ Kf4 59.Rf8+ Ke5 60.Rf5+ Ke4 61.Rf1 Ke5 62.Re1+ Kf4 63.Be6 Rd2
64.Kxh6 Rg2 65.Kh5 Rg3 66.Bg4 Ra3 67.Rf1+ Ke4 68.Kg5 Ra5+ 69.Bf5+ Ke3 70.Re1+ Kf3
71.Re4 Rc5 72.Ra4 Rc3 73.Rf4+ Ke3 74.Kg4 Rc1 75.Re4+ Kd3 76.Re1+ Kd2 77.Re5 Rg1+
78.Kf3 Rf1+ 79.Kg2 Rf4 80.Be4 Ke3 81.Bf3+ Kd4 82.Rd5+ Ke3 83.Re5+ Kd4 84.Re8 Rh4
85.Kg3 Rh7 86.Re4+ Kd3 87.Rf4 Ke3 88.Bg4 Rh1 89.Rf3+ Ke4 90.Bf5+ Ke5 91.Bg4 Ke4
92.Rf2 Re1  1/2-1/2

[Event "TCh-FRA Top 16 Gp A"]
[Site "Clichy FRA"]
[Date "2008.03.24"]
[Round "3"]
[White "Pelletier,Y"]
[Black "Paci,C"]
[Result "1-0"]
[WhiteElo "2600"]
[BlackElo "2301"]

1.d4 Nf6 2.c4 e6 3.Nf3 Bb4+ 4.Nc3 b6 5.Bg5 h6 6.Bh4 g5 7.Bg3 Ne4 8.Qd3 Bb7
9.Nd2 Bxc3 10.bxc3 f5 11.Be5 Rg8 12.f3 Nxd2 13.Qxd2 d6 14.Bg3 Nd7 15.e3 Qf6
16.a4 a5 17.c5 bxc5 18.Bb5 c6 19.Be2 e5 20.Rb1 Bc8 21.O-O f4 22.Bf2 cxd4
23.cxd4 exd4 24.exd4 d5 25.Rfc1 Kf7 26.Rc3 Ba6 27.Bxa6 Rxa6 28.Rb7 Qe6 29.Rc1 Rb6
30.Rxb6 Nxb6 31.Qxa5 Nc4 32.Qc7+ Kg6 33.Re1 Ne3 34.a5 Rc8 35.Qb6 g4 36.Qb1+ Kg7
37.Bxe3 fxe3 38.Qd3 Re8 39.fxg4 Qxg4 40.Rxe3 Rxe3 41.Qxe3 Qd1+ 42.Kf2 Qc2+
43.Qe2 Qc3 44.Qe5+ Kh7 45.a6 Qd2+ 46.Kf3 Qd3+ 47.Kg4 Qxa6 48.Qe7+ Kg6 49.Qe6+ Kg7
50.Kh5 Qd3 51.Qe7+  1-0

[Event "12th Neckar Open A"]
[Site "Deizisau GER"]
[Date "2008.03.24"]
[Round "9"]
[White "Lauber,A"]
[Black "Dgebuadze,A"]
[Result "1/2-1/2"]
[WhiteElo "2417"]
[BlackElo "2512"]

1.d4 Nf6 2.c4 e6 3.Nc3 Bb4 4.Nf3 b6 5.Bg5 Bb7 6.Nd2 h6 7.Bh4 Nc6 8.e3 Qe7
9.Qc2 d6 10.Be2 Bxc3 11.Qxc3 Ne4 12.Bxe7 Nxc3 13.Bh4 Nxe2 14.Kxe2 Na5 15.f3 c5
16.dxc5 bxc5  1/2-1/2

[Event "TCh-RUS Major League"]
[Site "Dagomys RUS"]
[Date "2008.04.03"]
[Round "1"]
[White "Zacurdajev,M"]
[Black "Gasanov,E"]
[Result "1/2-1/2"]
[WhiteElo "2389"]
[BlackElo "2531"]

1.d4 Nf6 2.c4 e6 3.Nc3 Bb4 4.Nf3 c5 5.g3 cxd4 6.Nxd4 O-O 7.Bg2 d5 8.cxd5 Nxd5
9.Qb3 Qa5 10.Bd2 Nc6 11.Nxc6 bxc6 12.O-O Bxc3 13.bxc3 Ba6 14.Rfe1 Rfd8 15.Qc2 Bc4
16.Bg5 f6 17.Bd2 e5 18.Be4 h6 19.Reb1 Rd7 20.Bf5 Re7 21.Bd3 Bxd3 22.exd3 Qa6
23.Rb3 Rd8 24.c4 Nc7 25.Bb4 Red7 26.Ra3 Qc8 27.Rxa7 Rxd3 28.Ba5 R3d7 29.Bxc7 Rxc7
30.Rxc7 Qxc7 31.Qc3 e4 32.a4 Rd3 33.Qe1 e3 34.a5 exf2+ 35.Qxf2 Qd6 36.a6 Rd1+
37.Rxd1 Qxd1+  1/2-1/2

[Event "TCh-RUS Major League"]
[Site "Dagomys RUS"]
[Date "2008.04.03"]
[Round "1"]
[White "Sergienko,S"]
[Black "Olenin,N"]
[Result "1/2-1/2"]
[WhiteElo "2446"]
[BlackElo "2353"]

1.d4 Nf6 2.c4 e6 3.Nc3 Bb4 4.Nf3 b6 5.Bg5 h6 6.Bh4 g5 7.Bg3 Ne4 8.Qc2 Bb7
9.e3 Bxc3+ 10.bxc3 d6 11.Bd3 f5 12.d5 Nd7 13.Nd4 Ndc5 14.f3 Nxd3+ 15.Qxd3 Nc5
16.Qc2 Qf6 17.dxe6 f4 18.exf4 gxf4 19.Bxf4 Qxf4 20.Qg6+ Kd8 21.O-O Qg5 22.Qf7 Qe7
23.Qh5 Qg5 24.Qf7 Qe7  1/2-1/2

[Event "10th Open"]
[Site "Dubai UAE"]
[Date "2008.04.06"]
[Round "1"]
[White "Zhou Weiqi"]
[Black "Ghader Pour,S"]
[Result "1-0"]
[WhiteElo "2560"]
[BlackElo "2177"]

1.d4 Nf6 2.c4 e6 3.Nc3 Bb4 4.Nf3 c5 5.e3 O-O 6.Bd3 d6 7.O-O Bxc3 8.bxc3 Nc6
9.e4 e5 10.d5 Ne7 11.Nh4 Ng6 12.Nf5 h6 13.Rb1 b6 14.Re1 Re8 15.Bc2 Qc7 16.Ba4 Bd7
17.Bxd7 Qxd7 18.Qf3 Nh7 19.Qh3 Qd8 20.a4 Qf6 21.Qg4 Kh8 22.Rb5 Ne7 23.Ng3 Nf8
24.Be3 Rad8 25.a5 Nc8 26.Ra1 Rd7 27.Nf5 Qg6 28.Qf3 bxa5 29.Rbxa5 Rb7 30.Ra6 Rc7
31.h4 Rd8 32.h5 Qf6 33.Qe2 Rdd7 34.R1a5 Rb7 35.Qa2 Nb6 36.Rxa7 Rxa7 37.Rxa7 Rxa7
38.Qxa7 Nxc4 39.Qb8 Kg8 40.Qe8 g5 41.hxg6 fxg6 42.Nxh6+ Kg7 43.Ng4 Qf7 44.Bh6+ Kg8
45.Qd8  1-0

[Event "10th Open"]
[Site "Dubai UAE"]
[Date "2008.04.07"]
[Round "2"]
[White "Gelashvili,T"]
[Black "Sachdev,T"]
[Result "1-0"]
[WhiteElo "2622"]
[BlackElo "2423"]

1.d4 Nf6 2.c4 e6 3.Nc3 Bb4 4.Nf3 c5 5.g3 cxd4 6.Nxd4 O-O 7.Bg2 d5 8.cxd5 Nxd5
9.Qb3 Qa5 10.Bd2 Nc6 11.Nxc6 bxc6 12.O-O Bxc3 13.bxc3 Ba6 14.Rfd1 Qc5 15.e4 Bc4
16.Qa4 Nb6 17.Qb4 Qh5 18.Be3 Be2 19.Rd2 Rab8 20.Bc5 Rfe8 21.Qd4 Bf3 22.Rb1 Bxg2
23.Kxg2 e5 24.Qd6 f5 25.Bxb6 fxe4 26.Qxc6 Qf3+ 27.Kg1 axb6 28.Re1 Rbc8 29.Qd5+ Qf7
30.Rxe4 Qxd5 31.Rxd5 Rxc3 32.Rexe5 Rxe5 33.Rxe5 Rc2 34.a3 Rb2 35.Re4 Ra2
36.Re3 Rb2 37.Re4 Ra2 38.a4 Rb2 39.Kg2 b5 40.Re8+ Kf7 41.Rb8 b4 42.Rb7+ Kf8
43.h4 b3 44.h5 h6 45.Kf3 Ra2 46.Ke4 Rxa4+ 47.Kf5 Ra5+ 48.Kg6 Rg5+ 49.Kh7 Rxh5
50.f4 Rc5 51.Rxb3 Rc7 52.Rb8+ Kf7 53.Rb6 Ra7 54.g4 Ra4 55.Rb7+ Kf8 56.g5 hxg5
57.fxg5 Ra1 58.Rb8+ Kf7 59.g6+ Kf6 60.Rb6+ Kg5 61.Kxg7 Ra7+ 62.Kg8 Ra1 63.g7 Rf1
64.Rb2 Kf6 65.Rh2  1-0

[Event "10th Open"]
[Site "Dubai UAE"]
[Date "2008.04.08"]
[Round "3"]
[White "Gupta,Ab"]
[Black "Ghaem Maghami,E"]
[Result "1-0"]
[WhiteElo "2521"]
[BlackElo "2604"]

1.d4 Nf6 2.c4 e6 3.Nc3 Bb4 4.Nf3 c5 5.g3 Nc6 6.Bg2 Ne4 7.Bd2 Nxd2 8.Qxd2 cxd4
9.Nxd4 Ne5 10.Nf3 Nxf3+ 11.Bxf3 O-O 12.Rc1 a6 13.a3 Be7 14.O-O Rb8 15.b4 b6
16.Rfd1 Qc7 17.Ne4 Rd8 18.Nd6 Bxd6 19.Qxd6 Qxd6 20.Rxd6 Kf8 21.Rcd1 Ke7 22.Bg2 a5
23.b5 Bb7 24.Rxb6 Bxg2 25.Rxb8 Rxb8 26.Kxg2 d5 27.a4 dxc4 28.Kf3 e5 29.Ke3 Rc8
30.Rb1 Kd6 31.Kd2 c3+ 32.Kc2 Rc4 33.b6 Rb4 34.Rb3 Kc6 35.Kxc3 Rxb3+ 36.Kxb3 Kxb6
37.Kc4 Kc6 38.g4 e4 39.Kd4 Kd6 40.h4 f6 41.h5 g6 42.hxg6 hxg6 43.Kxe4 Kc5
44.f4 Kc4 45.g5  1-0

[Event "Gausdal Classics GMB"]
[Site "Gausdal NOR"]
[Date "2008.04.09"]
[Round "2"]
[White "Pruess,D"]
[Black "Kveinys,A"]
[Result "0-1"]
[WhiteElo "2425"]
[BlackElo "2515"]

1.d4 Nf6 2.c4 e6 3.Nc3 Bb4 4.Nf3 c5 5.g3 cxd4 6.Nxd4 Ne4 7.Qd3 Bxc3+ 8.bxc3 Nc5
9.Qf3 d6 10.Bg2 Nbd7 11.Qg4 O-O 12.Bh6 Qf6 13.Bg5 Qg6 14.Qh4 Nf6 15.Nb5 Rd8
16.Rd1 Bd7 17.Nxd6 Ba4 18.Bxf6 gxf6 19.Qd4 Bxd1 20.Qxc5 Bxe2 21.Be4 Qh5 22.Qc7 Rac8
23.Qxb7 Rxd6 24.Qxc8+ Kg7 25.g4 Qe5  0-1

[Event "10th Open"]
[Site "Dubai UAE"]
[Date "2008.04.10"]
[Round "5"]
[White "Sadorra,J"]
[Black "Arutinian,D"]
[Result "0-1"]
[WhiteElo "2455"]
[BlackElo "2593"]

1.d4 Nf6 2.c4 e6 3.Nc3 Bb4 4.Nf3 d5 5.cxd5 exd5 6.Bg5 O-O 7.e3 c5 8.Rc1 c4
9.Be2 Nbd7 10.Nd2 h6 11.Bh4 Bxc3 12.bxc3 b5 13.O-O Bb7 14.Bg4 Qb6 15.Bf5 Rfe8
16.a4 a6 17.Rb1 Qa5 18.Qc1 Bc6 19.Qa3 Qc7 20.Bg3 Qb7 21.e4 Nxe4 22.Bxe4 Rxe4
23.Nxe4 dxe4 24.Qe7 Qc8 25.d5 Bxd5 26.axb5 axb5 27.Rxb5 Qc6 28.Ra5 Rxa5 29.Qd8+ Kh7
30.Qxa5 Nc5 31.Bf4 e3 32.Bxe3 Bxg2 33.Qxc5 Qg6 34.Bf4 Bh3+ 35.Bg3 Qd3  0-1

[Event "TCh-FRA Top 16 Gp B"]
[Site "Montpellier FRA"]
[Date "2008.04.10"]
[Round "4"]
[White "Mensch,E"]
[Black "Vallin,G"]
[Result "0-1"]
[WhiteElo "2337"]
[BlackElo "2409"]

1.d4 e6 2.c4 Nf6 3.Nc3 Bb4 4.Nf3 d5 5.cxd5 exd5 6.Bg5 h6 7.Bh4 g5 8.Bg3 Ne4
9.Nd2 Nxc3 10.bxc3 Bxc3 11.Rc1 Bb2 12.Bxc7 Qe7 13.Bd6 Qe6 14.Rb1 Qxd6 15.Rxb2 Nc6
16.e3 Bf5 17.Be2 O-O 18.O-O b6 19.Nf3 Na5 20.Bd3 Bxd3 21.Qxd3 Nc4 22.Rb3 Rac8
23.Qe2 Rfe8 24.Rd1 Kg7 25.h4 f6 26.Nd2 Qe6 27.Nf1 gxh4 28.Qh5 Nd6 29.Qxh4 Nf5
30.Qh5 Rg8 31.e4 dxe4 32.Rh3 Kf8 33.d5 Qe5 34.d6 Rg5 35.d7 Rd8 36.Qe2 Nd4
37.Qc4 Rxd7 38.Qc8+ Qe8 39.Qxe8+ Kxe8 40.Kh1 Nf5  0-1

[Event "TCh-FRA Top 16 Gp B"]
[Site "Montpellier FRA"]
[Date "2008.04.10"]
[Round "4"]
[White "Chabanon,JL"]
[Black "Garro,P"]
[Result "1-0"]
[WhiteElo "2454"]
[BlackElo "2178"]

1.d4 Nf6 2.c4 e6 3.Nc3 Bb4 4.Nf3 d5 5.e3 O-O 6.Bd3 c5 7.O-O Nc6 8.a3 Bxc3
9.bxc3 dxc4 10.Bxc4 Na5 11.Bd3 c4 12.Bc2 b5 13.e4 h6 14.Bf4 Bb7 15.Re1 Kh8
16.Rb1 a6 17.Ne5 Nc6 18.Nxc4 Ra7 19.Nd6 Ba8 20.Qd3 Ng8 21.e5 g6 22.a4 bxa4
23.Bxa4 Nce7 24.c4 g5 25.Bg3 f5 26.exf6  1-0

[Event "TCh-FRA Top 16 Gp A"]
[Site "Noyon FRA"]
[Date "2008.04.11"]
[Round "5"]
[White "Bartel,Mat"]
[Black "Pelletier,Y"]
[Result "1/2-1/2"]
[WhiteElo "2613"]
[BlackElo "2600"]

1.d4 Nf6 2.c4 e6 3.Nc3 Bb4 4.Nf3 b6 5.Bg5 h6 6.Bh4 Bb7 7.Nd2 c5 8.d5 Qe7
9.Bxf6 Qxf6 10.Qb3 Bxc3 11.bxc3 O-O 12.e4 Qg6 13.Bd3 Qxg2 14.O-O-O d6 15.f4 Nd7
16.Rdf1 Qh3 17.Rf3 Qh4 18.Rg1 Kh8 19.Qd1 b5 20.Qf1 bxc4 21.Qg2 Rg8 22.Nxc4 Qe7
23.Rg3 Qf6 24.Kc2 exd5 25.exd5 Nb6 26.Nxd6 Nxd5 27.Nxb7 Qxc3+ 28.Kb1 Qb4+
29.Kc1 Nxf4 30.Qb2 Nxd3+ 31.Rxd3 Qe4 32.Rh3 f6 33.Rxh6+ gxh6 34.Qxf6+ Kh7
35.Qf7+ Kh8 36.Qf6+ Kh7 37.Qf7+  1/2-1/2

[Event "Gausdal Classics GMB"]
[Site "Gausdal NOR"]
[Date "2008.04.12"]
[Round "5"]
[White "Kveinys,A"]
[Black "Womacka,M"]
[Result "1-0"]
[WhiteElo "2515"]
[BlackElo "2445"]

1.d4 Nf6 2.c4 e6 3.Nc3 Bb4 4.Nf3 c5 5.g3 cxd4 6.Nxd4 O-O 7.Bg2 d5 8.O-O dxc4
9.Qa4 Na6 10.Ndb5 Qe8 11.Rd1 Bxc3 12.Nxc3 Qxa4 13.Nxa4 Nd5 14.Nc3 Nac7 15.e4 Nxc3
16.bxc3 e5 17.Ba3 Re8 18.Bd6 Nb5 19.Bxe5 Bh3 20.Rd5 Bxg2 21.Kxg2 a6 22.a4 Na7
23.Rb1 b5 24.Bd4 Nc6 25.axb5 axb5 26.Rbxb5 Rxe4 27.Be3 Ree8 28.Rdc5 Ne7 29.Rxc4 Rec8
30.Rxc8+ Rxc8 31.Rc5 Nc6 32.Kf3 f6 33.Ke4 Kf7 34.Rb5 Rc7 35.c4 Ne5 36.c5 Ke6
37.Rb6+ Nc6 38.Bf4 Rc8 39.Rb7 g5 40.Bd6 h5 41.Rh7 Ra8 42.Rxh5 Ra4+ 43.Kd3 Kd5
44.h4 Ra3+ 45.Ke2 Nd4+ 46.Kf1 Ke4 47.Kg2 g4 48.Rh8 Ra1 49.Re8+ Kf5 50.Re3 Nc2
51.Rc3 Ne1+ 52.Kf1 Nf3+ 53.Ke2 Ke4 54.Rc4+ Nd4+ 55.Rxd4+ Kxd4 56.c6 Ke4 57.c7 Ra2+
58.Kd1 Ra8 59.Kc2 Kf3 60.Kd3  1-0

[Event "Gausdal Classics GMB"]
[Site "Gausdal NOR"]
[Date "2008.04.13"]
[Round "6"]
[White "Arun Prasad,S"]
[Black "Kveinys,A"]
[Result "1/2-1/2"]
[WhiteElo "2465"]
[BlackElo "2515"]

1.d4 Nf6 2.c4 e6 3.Nc3 Bb4 4.Nf3 b6 5.Bg5 Bb7 6.a3 Bxc3+ 7.bxc3 h6 8.Bh4 d6
9.Nd2 e5 10.f3 Nc6 11.e3 Qe7 12.d5 Na5 13.Bd3 g5 14.Bf2 Nd7 15.e4 Nc5 16.Bxc5 dxc5
17.Nf1 O-O-O 18.Ne3 Kb8 19.O-O Bc8 20.Rb1 a6 21.Rf2 Ka7 22.Bc2 Rd6 23.Qd2 Bd7
24.Bd3 Rg6 25.Nf1 Nb7 26.Qe3 Rhg8 27.Ng3 Nd6 28.Re1 f6 29.Nh5 Rh8 30.g4 Rgg8
31.Ng3 Rh7 32.Ree2 Rgh8 33.Rg2 Qf8 34.Qf2 Be8 35.Nf5 h5 36.Nxd6 cxd6 37.Re3 Bd7
38.Bf1 Qc8 39.Re1 Rh6 40.Rb1 Qd8 41.Rg3 Ba4 42.h3 R8h7 43.Qe3 Qh8 44.Kh2 Rb7
45.Rg2 Rhh7 46.Rgb2 Rb8 47.Kg2 Rhb7 48.Bd3 Qh7 49.Qe2 Qd7 50.Kf2 Rh8 51.Kg2 Rhb8
52.Kf2 h4 53.Bc2 Bxc2 54.Qxc2 b5 55.Qb3 Qc7 56.Ke2 Qa5 57.Kd2 Rb6 58.Kc2 R8b7
59.Kd2 Kb8 60.Kc2 Kc7 61.Kd2 Kd7 62.Kc2 Ke7 63.Kd2 Kf7 64.Kc2 Kg7 65.Kd2 Kg6
66.Kc2 Rb8 67.Kd2 R6b7 68.Kc2 Qc7 69.Kd2 Rb6 70.Kc1 R6b7  1/2-1/2

[Event "Mediana"]
[Site "Nis SRB"]
[Date "2008.04.16"]
[Round "6"]
[White "Solomunovic,I"]
[Black "Genov,Peta"]
[Result "1/2-1/2"]
[WhiteElo "2442"]
[BlackElo "2474"]

1.d4 Nf6 2.Nf3 e6 3.c4 Bb4+ 4.Nc3 b6 5.Bg5 Bb7 6.Nd2 h6 7.Bh4 Nc6 8.e3 Ne7
9.Bd3 Nf5 10.Bxf5 exf5 11.Qc2 g5 12.Bg3 Bxg2 13.Rg1 Be4 14.Qb3 Qe7 15.O-O-O Bxc3
16.Qxc3 Bb7 17.d5 d6 18.Nf3 O-O-O 19.Nd4 Ne4 20.Qa3 Kb8 21.Nxf5 Qd7 22.Nd4 h5  1/2-1/2

[Event "26th Metz Open"]
[Site "Metz St Symphorien FRA"]
[Date "2008.04.20"]
[Round "2"]
[White "Feller,S"]
[Black "Bruned,B"]
[Result "1-0"]
[WhiteElo "2540"]
[BlackElo "2227"]

1.d4 Nf6 2.c4 e6 3.Nc3 Bb4 4.Nf3 b6 5.Bg5 Bb7 6.Nd2 Bxc3 7.bxc3 h6 8.Bh4 d6
9.f3 Nbd7 10.e4 e5 11.Qa4 O-O 12.Bd3 Re8 13.O-O Nf8 14.Rfe1 Ng6 15.Bf2 Nf4
16.Bf1 Bc8 17.Be3 c5 18.d5 Bd7 19.Qc2 N6h5 20.g3 Nh3+ 21.Kh1 Qf6 22.Bg2 g5
23.Qd3 Kh8 24.Qf1 N3f4 25.gxf4 gxf4 26.Bf2 Rg8 27.Bh3 Ng3+ 28.Bxg3 fxg3 29.Re2 g2+
30.Rxg2 Bxh3 31.Rxg8+ Rxg8 32.Qxh3 Qf4 33.Nf1 Rg6 34.Re1 Kg7 35.Ne3 Kf8 36.Qf5 Qh4
37.Qc8+  1-0

[Event "IX EICC w"]
[Site "Plovdiv BUL"]
[Date "2008.04.21"]
[Round "1"]
[White "Cmilyte,V"]
[Black "Andriasian,S"]
[Result "1-0"]
[WhiteElo "2467"]
[BlackElo "2278"]

1.d4 Nf6 2.c4 e6 3.Nc3 Bb4 4.Nf3 c5 5.g3 Ne4 6.Bd2 Nxd2 7.Qxd2 cxd4 8.Nxd4 a6
9.Bg2 Qc7 10.a3 Be7 11.Rc1 d6 12.O-O O-O 13.Rfd1 Nd7 14.e3 Ne5 15.b3 Bd7
16.f4 Ng4 17.Bf3 Nf6 18.Qg2 Rab8 19.g4 Rfc8 20.g5 Ne8 21.b4 Qb6 22.Ne4 e5
23.fxe5 dxe5 24.c5 Qg6 25.Ne2 Bc6 26.N2c3 Rd8 27.Qg3 f5 28.gxf6 gxf6 29.Bh5 Qxg3+
30.Nxg3 Ng7 31.Bg4 b6 32.cxb6 Rxb6 33.Nf5 Nxf5 34.Bxf5 Rxd1+ 35.Rxd1 Kf7
36.Bxh7 Rb8 37.Bd3 Bf3 38.Bc4+ Kg6 39.Rf1 Rc8 40.Rxf3 Rxc4 41.e4 a5 42.bxa5 Bxa3
43.Kg2 Bb4 44.Nd5 Bxa5 45.Rxf6+ Kg7 46.Kf3 Rc2 47.Ra6 Be1 48.Ra1 Bh4 49.h3 Rb2
50.Kg4 Bf2 51.Ne7 Rb3 52.Nf5+ Kf6 53.Rf1 Rb2 54.Rc1 Rb3 55.Rc6+ Kf7 56.h4 Rb1
57.Kf3 Bb6 58.Nd6+ Kg7 59.Nf5+ Kf7 60.h5 Bd8 61.Rd6 Bf6 62.Nh6+ Ke7 63.Ra6 Bg5
64.Nf5+ Kf7 65.h6 Bf6 66.Kg2 Rb2+ 67.Kg3 Rb3+ 68.Kg4 Rb1 69.Ng3 Rb2 70.Nh5 Bh8
71.Ra8 Rg2+ 72.Ng3 Bf6 73.Kh3 Rf2 74.h7  1-0

[Event "IX EICC"]
[Site "Plovdiv BUL"]
[Date "2008.04.21"]
[Round "1"]
[White "Stocek,J"]
[Black "Popovic,Milo2"]
[Result "1-0"]
[WhiteElo "2584"]
[BlackElo "2387"]

1.d4 Nf6 2.c4 e6 3.Nc3 Bb4 4.Nf3 b6 5.Bg5 Bb7 6.Qc2 h6 7.Bh4 g5 8.Bg3 Be4
9.Qb3 Nc6 10.a3 Ba5 11.O-O-O Bxc3 12.Qxc3 d5 13.Ne5 Na5 14.f3 Bh7 15.e4 dxe4
16.d5 exd5 17.cxd5 O-O 18.b4 Nxd5 19.Rxd5 Qxd5 20.bxa5 Qxa5 21.Qxa5 bxa5
22.fxe4 Rad8 23.Bd3 Rxd3 24.Nxd3 Bxe4 25.Ne5 Bxg2 26.Rd1 f5 27.Rd7 Re8 28.Nd3 f4
29.Bf2 Bh3 30.Rxc7 Rc8 31.Rxc8+ Bxc8 32.Bxa7 Kf7 33.Kd2 Be6 34.Bb6 a4 35.Nc5 Kf6
36.Ke2 h5 37.Kf2 h4 38.Bc7 h3 39.Nxa4 Bd5 40.Nc5 Bc6 41.a4  1-0

[Event "IX EICC"]
[Site "Plovdiv BUL"]
[Date "2008.04.22"]
[Round "2"]
[White "Efimov,Ig"]
[Black "Haroutjunian,D"]
[Result "1/2-1/2"]
[WhiteElo "2469"]
[BlackElo "2293"]

1.d4 Nf6 2.c4 e6 3.Nc3 Bb4 4.Nf3 c5 5.g3 cxd4 6.Nxd4 O-O 7.Bg2 d5 8.Qb3 Bxc3+
9.Qxc3 e5 10.Nb3 d4 11.Qa5 Nc6 12.Qxd8 Rxd8 13.Bg5 Rb8 14.O-O Bg4 15.Rfe1 Rbc8
16.f4 Be6 17.Nc5 Bxc4 18.Nxb7 Rd7 19.Nc5 Rd6 20.b3 Bd5 21.Bh3 Rc7 22.e4 dxe3
23.Rxe3 h6 24.fxe5 Nxe5 25.Bf4 Rxc5 26.Bxe5 Ra6 27.Rd1 Be6 28.Bf1 Rd5 29.Rxd5 Nxd5
30.Bxa6 Nxe3 31.Bd4 Nd5 32.a3 Ne7 33.Bd3 Bxb3 34.Bxa7 f6 35.Kf2 Nd5 36.Bg6 Ne7
37.Be8 Nd5 38.a4 Nc7 39.Bd7 Kf7 40.a5 Ke7 41.Bf5 Be6 42.Bc5+ Kd7 43.Bg6 Bc4
44.Be4 Ne6 45.Bb6 Nc7 46.Kf3 Nd5 47.Bc5 Ke6 48.g4 Ne7 49.Bc2 f5 50.h3 fxg4+
51.hxg4 Nc6 52.Bb6 Ne5+ 53.Kg3 g6 54.Bd4 Be2 55.Bxe5 Kxe5 56.Bxg6 Kf6 57.Bh5 Ke5
58.g5 Bxh5 59.gxh6 Kf6 60.a6 Be8  1/2-1/2

[Event "IX EICC"]
[Site "Plovdiv BUL"]
[Date "2008.04.23"]
[Round "3"]
[White "Kuzubov,Y"]
[Black "Mastrovasilis,A"]
[Result "0-1"]
[WhiteElo "2603"]
[BlackElo "2524"]

1.d4 Nf6 2.c4 e6 3.Nc3 Bb4 4.Nf3 O-O 5.e3 d5 6.Bd3 Nc6 7.O-O dxc4 8.Bxc4 Bd6
9.Bb5 e5 10.Bxc6 exd4 11.Qxd4 bxc6 12.e4 Ng4 13.Qa4 Qf6 14.Qa5 c5 15.Nd5 Qg6
16.h3 Qxe4 17.Rd1 Bb7 18.Nc3 Bh2+ 19.Kf1 Qc4+ 20.Ne2 Rfe8 21.Re1 Ba6 22.Qxa6 Qxa6  0-1

[Event "IX EICC w"]
[Site "Plovdiv BUL"]
[Date "2008.04.23"]
[Round "3"]
[White "Rajlich,I"]
[Black "Andriasian,S"]
[Result "1-0"]
[WhiteElo "2411"]
[BlackElo "2278"]

1.d4 Nf6 2.c4 e6 3.Nc3 Bb4 4.Nf3 d5 5.cxd5 exd5 6.Bg5 h6 7.Bh4 c5 8.e3 g5
9.Bg3 Ne4 10.dxc5 Nc6 11.Bb5 O-O 12.O-O Nxc3 13.bxc3 Bxc3 14.Rc1 Bg7 15.Bd6 Ne7
16.Nd4 Bd7 17.Bxd7 Qxd7 18.Bxe7 Qxe7 19.Nf5 Qe6 20.Qxd5 Rfd8 21.Qf3 Be5 22.c6 Rac8
23.cxb7 Rxc1 24.Rxc1 Kh7 25.g3 Qxa2 26.Qe4 Qd5 27.Qb1 Qd7 28.Nd4+ Kg7 29.Nc6 Bb8
30.Nxd8 Qxd8 31.Rc8 Qd6 32.Qb2+ f6 33.Qb3  1-0

[Event "IX EICC"]
[Site "Plovdiv BUL"]
[Date "2008.04.25"]
[Round "5"]
[White "Bartel,Mat"]
[Black "Brkic,A"]
[Result "1/2-1/2"]
[WhiteElo "2588"]
[BlackElo "2521"]

1.d4 Nf6 2.c4 e6 3.Nc3 Bb4 4.Nf3 c5 5.g3 b6 6.Bg2 Bb7 7.O-O cxd4 8.Qxd4 Nc6
9.Qd3 O-O 10.Rd1 Rc8 11.b3 d5 12.Bb2 dxc4 13.Qxc4 Qe7 14.Qh4 Rfd8 15.a3 Bd6
16.Nb5 Bb8 17.Rxd8+ Rxd8 18.Rc1 e5 19.Ng5 h6 20.Ne4  1/2-1/2

[Event "ch-UZB"]
[Site "Tashkent UZB"]
[Date "2008.04.25"]
[Round "2"]
[White "Kasyan,A"]
[Black "Kvon,A"]
[Result "1/2-1/2"]
[WhiteElo "2314"]
[BlackElo "2426"]

1.d4 Nf6 2.c4 e6 3.Nc3 Bb4 4.Nf3 c5 5.e3 Nc6 6.Bd3 d6 7.O-O Bxc3 8.bxc3 e5
9.Qc2 O-O 10.d5 Ne7 11.Ne1 Re8 12.e4 Ng6 13.g3 Bh3 14.Ng2 Nd7 15.f3 Rc8 16.Rb1 Rc7
17.Re1 Ndf8 18.Ne3 b6 19.Nf5 h5 20.Bf1 Bxf1 21.Rxf1 Ne7 22.Ne3 Nh7 23.Ng2 Ng6
24.Qa4 Rf8 25.Ne3 Ne7 26.f4 exf4 27.gxf4 Ng6 28.Nf5 Ne7 29.Ne3 Ng6 30.Nf5 Ne7
31.Ne3  1/2-1/2

[Event "IX EICC w"]
[Site "Plovdiv BUL"]
[Date "2008.04.26"]
[Round "6"]
[White "Tarasova,Viktoriya"]
[Black "Gvetadze,Sopi"]
[Result "1/2-1/2"]
[WhiteElo "2276"]
[BlackElo "2350"]

1.d4 Nf6 2.c4 e6 3.Nc3 Bb4 4.Nf3 O-O 5.Bg5 d5 6.cxd5 exd5 7.e3 c5 8.Qc2 c4
9.Be2 Nbd7 10.O-O Qa5 11.Nd2 Re8 12.Bf3 Ne4 13.Bxe4 dxe4 14.Bf4 Bxc3 15.Nxc4 Qd5
16.Qxc3 Re6 17.Rfc1 Rc6 18.Qb4 h5 19.h4 Nf6 20.b3 a5 21.Qa3 Be6 22.Ne5 Rxc1+
23.Rxc1 Nd7 24.Nxd7 Qxd7 25.Kh2 a4 26.Bg3 Ra6 27.Qb4 axb3 28.axb3 Rc6 29.Ra1 Ra6
30.Rxa6 bxa6 31.Qb8+ Kh7 32.b4 Bc4 33.Qe5 Qd5 34.Qe7 Kg6 35.Be5 f6 36.Bg3 Qe6
37.Qc7 Bd5 38.Bd6 Bc4 39.Bf8 Qf7 40.Qc5 Qe6 41.Qc7 Qf7 42.Qg3+ Kh7 43.Bc5 Qe6
44.Qf4 Bd5 45.f3 Kg6 46.Bf8 Kf7 47.Bc5 Kg6 48.Kg3 Qc6 49.Kf2 Qe6 50.Qg3+ Kf7
51.Qb8 Kg6 52.Qf4  1/2-1/2

[Event "IX EICC"]
[Site "Plovdiv BUL"]
[Date "2008.04.26"]
[Round "6"]
[White "Gustafsson,J"]
[Black "Papadopoulos,I"]
[Result "1/2-1/2"]
[WhiteElo "2603"]
[BlackElo "2471"]

1.d4 Nf6 2.c4 e6 3.Nc3 Bb4 4.Nf3 b6 5.Qb3 c5 6.Bg5 Bb7 7.a3 Ba5 8.dxc5 Na6
9.c6 Bxc6 10.Qc2 Bxc3+ 11.Qxc3 Nc5 12.Nd2 O-O 13.f3 d6 14.b4 Ncd7 15.e4 Rc8
16.Qd4 Ne5 17.Be2 Ng6 18.O-O e5 19.Qd3 h6 20.Be3 Nh7 21.Nb1 f5 22.Nc3 fxe4
23.Nxe4 d5 24.cxd5 Qxd5 25.Rfd1 Qxd3 26.Bxd3 Bxe4 27.Bxe4 Nf4 28.Bxf4 exf4
29.b5 Nf6 30.Bc6 Rfd8 31.Rdc1 Nd7 32.a4 Nc5 33.a5 Rc7 34.Rc4 g5 35.Re1 Kf7  1/2-1/2